[Event "CZE-ch Amateur"]
[Site "Luhacovice"]
[Date "2022.03.19"]
[Round "9"]
[White "Volny, Patrik"]
[Black "Galicek, Stanislav"]
[Result "0-1"]
[WhiteElo "1798"]
[BlackElo "2079"]
[PlyCount "62"]
[EventDate "2022.03.12"]
[EventType "swiss"]
[EventRounds "9"]
[EventCountry "CZE"]
[SourceTitle "EXT 2023"]
[Source "ChessBase"]
[SourceDate "2022.10.05"]
[SourceVersion "1"]
[SourceVersionDate "2022.10.05"]
[SourceQuality "1"]

1. d4 Nf6 2. Nf3 g6 3. g3 Bg7 4. Bg2 0-0 5. 0-0 d6 6. b3 c5 7. c3 Nc6 8. Bb2 cxd4 9. cxd4 d5 10. a3 Ne4 11. Ne5 Nxe5 12. dxe5 Bf5 13. Nd2 Qa5 14. Nxe4 dxe4 15. Qd4 Rfd8 16. Qc3 Qd5 17. f4 Rac8 18. Qe3 Qd2 19. Qxd2 Rxd2 20. Bc1 Rxe2 21. Rf2 Rxf2 22. Kxf2 Rc2+ 23. Kg1 b6 24. h3 h5 25. g4 hxg4 26. hxg4 Bxg4 27. Bxe4 Rc3 28. Bd5 e6 29. Bc4 Bf8 30. Bb2 Bc5+ 31. Kh1 Rc2 0-1

[Event "Bohumin op 2nd"]
[Site "Bohumin"]
[Date "2019.06.28"]
[Round "7"]
[White "Cempel, Jaroslav"]
[Black "Volny, Patrik"]
[Result "1-0"]
[WhiteElo "2064"]
[BlackElo "1778"]
[PlyCount "49"]
[EventDate "2019.06.22"]
[EventType "swiss"]
[EventRounds "9"]
[EventCountry "CZE"]
[SourceTitle "CBM 191 Extra"]
[Source "ChessBase"]
[SourceDate "2019.09.30"]
[SourceVersion "1"]
[SourceVersionDate "2019.09.30"]
[SourceQuality "1"]

1. e4 c5 2. Ne2 e6 3. g3 Qc7 4. Bg2 a6 5. 0-0 Nf6 6. c3 d6 7. d4 Nbd7 8. f4 cxd4 9. cxd4 e5 10. Kh1 Be7 11. Nbc3 Ra7 12. Be3 b6 13. Rc1 Qb8 14. Qb3 exd4 15. Nxd4 Nc5 16. Qc2 Rc7 17. Nd5 Nxd5 18. exd5 Bd7 19. b4 Ne6 20. Qe4 Nxd4 21. Bxd4 f6 22. Rfe1 Bg4 23. Rxc7 Qxc7 24. f5 Bh5 25. Bxb6 1-0

[Event "Bohumin op 2nd"]
[Site "Bohumin"]
[Date "2019.06.24"]
[Round "3"]
[White "Cvik, Stepan"]
[Black "Volny, Patrik"]
[Result "0-1"]
[WhiteElo "1885"]
[BlackElo "1778"]
[PlyCount "62"]
[EventDate "2019.06.22"]
[EventType "swiss"]
[EventRounds "9"]
[EventCountry "CZE"]
[SourceTitle "CBM 191 Extra"]
[Source "ChessBase"]
[SourceDate "2019.09.30"]
[SourceVersion "1"]
[SourceVersionDate "2019.09.30"]
[SourceQuality "1"]

1. d4 Nf6 2. Bf4 c5 3. d5 g6 4. Nc3 d6 5. Qd2 Bf5 6. f3 h6 7. e4 Bd7 8. Rd1 Nh5 9. Be3 Bg7 10. Be2 Qa5 11. f4 Bxc3 12. Qxc3 Qxc3+ 13. bxc3 Nf6 14. Bf3 Bg4 15. Bxg4 Nxg4 16. Bc1 Nd7 17. e5 dxe5 18. h3 Ngf6 19. fxe5 Nxe5 20. Bf4 Nc4 21. Nf3 Rd8 22. Ne5 Nb6 23. c4 g5 24. Be3 Ne4 25. 0-0 f6 26. Nd3 Nxc4 27. Bxc5 Nxc5 28. Nxc5 Ne3 29. d6 Nxd1 30. d7+ Rxd7 31. Nxd7 Kxd7 0-1

[Event "CZE-chT2F 1011"]
[Site "Czech Republic"]
[Date "2010.11.07"]
[Round "2.8"]
[White "Volny, Patrik"]
[Black "Reznicek, Marcel"]
[Result "0-1"]
[WhiteElo "1789"]
[BlackElo "2083"]
[PlyCount "68"]
[EventDate "2010.10.17"]
[EventType "team-tourn"]
[EventRounds "11"]
[EventCountry "CZE"]
[SourceTitle "EXT 2012"]
[Source "ChessBase"]
[SourceDate "2011.11.24"]
[SourceVersion "1"]
[SourceVersionDate "2011.11.24"]
[SourceQuality "1"]
[WhiteTeam "Trinec III"]
[BlackTeam "Havirov"]
[WhiteTeamCountry "CZE"]
[BlackTeamCountry "CZE"]

1. e4 c5 2. Nf3 g6 3. d4 cxd4 4. Nxd4 Bg7 5. Be3 Nc6 6. Nc3 d6 7. Be2 Bd7 8. Qd2 Rc8 9. 0-0 Ne5 10. f4 Nc4 11. Bxc4 Rxc4 12. b3 Rc8 13. Nce2 Nf6 14. Qd3 Ng4 15. c4 Nxe3 16. Qxe3 Qb6 17. Rad1 Bg4 18. Rf2 0-0 19. Nc2 Qa5 20. a4 a6 21. Qd2 Qb6 22. Qe3 Qc7 23. Nb4 e6 24. h3 Bxe2 25. Rxe2 Bh6 26. Qf3 Qb6+ 27. Kh1 Qxb4 28. f5 b5 29. axb5 axb5 30. cxb5 Rc3 31. Qg4 exf5 32. exf5 Qxg4 33. hxg4 Rxb3 34. Rxd6 Rb1+ 0-1

[Event "Orlova op 5th"]
[Site "Orlova"]
[Date "2008.05.23"]
[Round "7"]
[White "Cujdik, Jiri"]
[Black "Volny, Patrik"]
[Result "1-0"]
[WhiteElo "2049"]
[BlackElo "1725"]
[PlyCount "57"]
[EventDate "2008.05.17"]
[EventType "swiss"]
[EventRounds "9"]
[EventCountry "CZE"]
[SourceTitle "EXT 2012"]
[Source "ChessBase"]
[SourceDate "2011.11.24"]
[SourceVersion "1"]
[SourceVersionDate "2011.11.24"]
[SourceQuality "1"]

1. e4 e6 2. d4 d5 3. Nc3 Nf6 4. Bg5 Be7 5. e5 Nfd7 6. Bxe7 Qxe7 7. Qg4 Kf8 8. Bd3 a6 9. Nf3 c5 10. dxc5 Nxc5 11. Nxd5 Nxd3+ 12. cxd3 Qd8 13. Qb4+ Ke8 14. Nb6 Nc6 15. Qc5 Rb8 16. d4 Qe7 17. Rd1 Nb4 18. a3 Nc6 19. 0-0 f6 20. Rfe1 Qf7 21. exf6 gxf6 22. Nxc8 Rxc8 23. Qd6 Nd8 24. d5 Qd7 25. Qxd7+ Kxd7 26. dxe6+ Ke8 27. Nd4 h5 28. Nf5 Nc6 29. Nd6+ 1-0

[Event "Orlova op 5th"]
[Site "Orlova"]
[Date "2008.05.22"]
[Round "6"]
[White "Volny, Patrik"]
[Black "Pavlicek, Tomas"]
[Result "1-0"]
[WhiteElo "1725"]
[BlackElo "1561"]
[PlyCount "163"]
[EventDate "2008.05.17"]
[EventType "swiss"]
[EventRounds "9"]
[EventCountry "CZE"]
[SourceTitle "EXT 2012"]
[Source "ChessBase"]
[SourceDate "2011.11.24"]
[SourceVersion "1"]
[SourceVersionDate "2011.11.24"]
[SourceQuality "1"]

1. e4 e5 2. Bc4 Nf6 3. d4 exd4 4. Nf3 Nc6 5. 0-0 Be7 6. Re1 d6 7. Nxd4 0-0 8. Nxc6 bxc6 9. Nc3 Be6 10. Bb3 h6 11. e5 dxe5 12. Qxd8 Raxd8 13. Rxe5 Bd6 14. Re1 Nd5 15. Ne4 Bf5 16. Nxd6 Rxd6 17. Bd2 Rfd8 18. c3 R6d7 19. Ba4 Rd6 20. Bb3 R6d7 21. h3 Bg6 22. c4 Nf6 23. Be3 a6 24. Rad1 Bd3 25. f3 Nh5 26. Kf2 Nf6 27. Bc5 Bg6 28. Rxd7 Rxd7 29. Rd1 Rxd1 30. Bxd1 Bb1 31. a3 Bd3 32. Be2 Bc2 33. Bb4 Ba4 34. Ke3 Nd7 35. Kd4 Bc2 36. c5 Kf8 37. Bxa6 Ke8 38. Bc3 f6 39. Bb4 Ne5 40. f4 Ng6 41. g3 Ne7 42. Be1 Bf5 43. h4 Bc2 44. Bc4 Kd7 45. b3 Bf5 46. a4 Bg6 47. Bd3 Bf7 48. Bc4 Bg6 49. a5 Kc8 50. Be6+ Kb7 51. b4 Be8 52. g4 Ng6 53. Ke4 Ne7 54. g5 hxg5 55. fxg5 fxg5 56. hxg5 Bg6+ 57. Ke5 Bb1 58. Bc4 g6 59. Ke6 Nf5 60. Kf6 Ne3 61. Bf7 Ng4+ 62. Kg7 Ne5 63. Be8 Nf3 64. Bxg6 Ba2 65. Bg3 Nxg5 66. Bd3 Ne6+ 67. Kf6 Nd4 68. Ke7 Ne6 69. a6+ Kb8 70. Kd7 Nf8+ 71. Kxc6 Ne6 72. Be5 Bb3 73. Bf5 Ba4+ 74. b5 Nd8+ 75. Kd7 Bxb5+ 76. Kxd8 Bxa6 77. Bxc7+ Ka7 78. Bb6+ Kb8 79. c6 Ka8 80. Be4 Bb7 81. cxb7+ Kb8 82. Bc7+ 1-0

[Event "Orlova op 4th"]
[Site "Orlova"]
[Date "2007.05.20"]
[Round "2"]
[White "Volny, Patrik"]
[Black "Gutdeutsch, Otto"]
[Result "0-1"]
[WhiteElo "1604"]
[BlackElo "2015"]
[PlyCount "48"]
[EventDate "2007.05.19"]
[EventType "swiss"]
[EventRounds "9"]
[EventCountry "CZE"]
[SourceTitle "EXT 2012"]
[Source "ChessBase"]
[SourceDate "2011.11.24"]
[SourceVersion "1"]
[SourceVersionDate "2011.11.24"]
[SourceQuality "1"]

1. e4 e5 2. Bc4 Nf6 3. d4 Qe7 4. Nc3 exd4 5. Qxd4 Nc6 6. Qd3 Nb4 7. Qe2 d6 8. a3 Nc6 9. Bg5 Ne5 10. Bb3 c6 11. 0-0-0 Be6 12. Bxe6 Qxe6 13. f4 Ned7 14. Nf3 Qg4 15. h3 Qg3 16. e5 dxe5 17. Nxe5 0-0-0 18. Ne4 Nxe4 19. Nxd7 Nxg5 20. Nxf8 Qxf4+ 21. Kb1 Rhxf8 22. Rhf1 Qe4 23. Qxe4 Rxd1+ 24. Rxd1 Nxe4 0-1